000 00805nam a2200205Ia 4500
005 20241129110150.0
008 241129s9999||||xx |||||||||||||| ||und||
037 _aTB
040 _aARTS
_bpun
_cARTS
041 _apun
_2pun
084 _aQ8441xK70 153R0
_qARTS
100 _aਸਿੰਘ, ਸਿਮਰਜੀਤ, ਥਦ।
245 0 _aਬਾਬਾ ਬੰਦਾ ਸਿੰਘ ਬਹਾਦਰ: ਜੀਵਨ, ਸੰਘਰਸ਼ ਤੇ ਸ਼ਹਾਦਤ
_cਸਿੰਘ, ਸਿਮਰਜੀਤ, ਥਦ।
260 _aਅੰਮ੍ਰਿਤਸਰ, ਭਾਰਤ
_bਅੰਮ੍ਰਿਤਸਰ ਧਰਮ ਪ੍ਰਚਾਰ ਕਮੇਟੀ
_c2022
300 _a224ਪ੍ਰ0
365 _aINR
_b55
650 _aSikkhism
_9726471
942 _cTB
_hQ8441xK70 153R0
999 _c1227560
_d1227560